Κοινωνικοποίηση και προαγωγή ψυχικής υγείας στην προσχολική ηλικία : οδηγός παρέμβασης : διπλωματική εργασία

Saved in:
Bibliographic Details
Main Author: Κουτσού, Στεφανία
Corporate Author: Πανεπιστήμιο Αιγαίου Σχολή Κοινωνικών Επιστημών Τμήμα Κοινωνιολογίας Μεταπτυχιακό Πρόγραμμα Σπουδών Έρευνα Εφαρμοσμένη στην Ανάπτυξη Καινοτόμων Τοπικών και Περιφερειακών Πολιτικών και την Κοινωνική Συνοχή
Other Authors: Ζήση, Αναστασία (dgsf)
Format: Thesis Book
Language:Greek
Published: 2007.
Subjects:
Online Access:http://hdl.handle.net/11610/14539
Tags: Add Tag
No Tags, Be the first to tag this record!

MARC

LEADER 00000cam a2200000 i 4500
001 1/921
008 090819s2007 gr | ||| |||| ||gre||
035 |l 10105409 
040 |a GR-MyUa  |b gre  |e AACR2 
041 0 |a gre 
082 7 |a 155.42   |2 (22) 
100 1 |a Κουτσού, Στεφανία. 
245 1 0 |a Κοινωνικοποίηση και προαγωγή ψυχικής υγείας στην προσχολική ηλικία :   |b οδηγός παρέμβασης : διπλωματική εργασία /   |c Κουτσού Στεφανία ; υπεύθυνη καθηγήτρια: Ζήση Αναστασία. 
260 |c 2007. 
300 |a 251 σ. ;   |c 30 εκ. 
502 |a Διατριβή (μεταπτυχιακή) – Πανεπιστήμιο Αιγαίου, Λέσβος, 2007. 
504 |a Βιβλιογραφία: σ. 235-251. 
650 0 0 |a Socialization. 
650 0 0 |a Preschool children  |x Psychological testing. 
650 0 0 |a Education, Preschool  |x Psychological aspects. 
650 0 0 |a Preschool children  |x Psychology. 
650 0 0 |a Children  |x Psychology. 
650 0 0 |a Child psychology. 
650 0 0 |a Educational sociology. 
650 0 0 |a Dissertations, Academic  |z Greece. 
700 1 |a Ζήση, Αναστασία,  |e dgsf 
710 2 |a Πανεπιστήμιο Αιγαίου  |b Σχολή Κοινωνικών Επιστημών  |b Τμήμα Κοινωνιολογίας  |b Μεταπτυχιακό Πρόγραμμα Σπουδών Έρευνα Εφαρμοσμένη στην Ανάπτυξη Καινοτόμων Τοπικών και Περιφερειακών Πολιτικών και την Κοινωνική Συνοχή. 
852 |a INST  |b LESVOS  |c DIATR  |e 20090819  |h 51  |p 005100045740  |q 005100045740  |t MTXE  |y 23 
852 |a INST  |b LESVOS  |c DIATR  |e 20090819  |h 52  |p 005100045741  |q 005100045741  |t MTXE  |y 23 
856 |u http://hdl.handle.net/11610/14539 
901 |a BIBL1-2009-2 
924 |a Κουτσού  |b Στεφανία  |y Λέσβος  |z 2007-11 
970 |a ΤΖΑΦΕΡΗ  |b ΕΥΑΓΓΕΛΙΑ  |z 2009/08/19